| 000 | 00768nam a22002537a 4500 | ||
|---|---|---|---|
| 003 | dpl | ||
| 005 | 20180818121615.0 | ||
| 008 | 180818b xxu||||| |||| 00| 0 eng d | ||
| 010 | _aA-058641 | ||
| 020 |
_c00.00 _a8173914109 |
||
| 035 | _aA-058641, B-058645 | ||
| 037 | _bCen Lib/Ret | ||
| 040 |
_aDPL _bEN _c0 |
||
| 082 |
_a070.4 _bGAN |
||
| 100 |
_aGandhi, Ved Prakash _935427 |
||
| 245 |
_aA first course in practical journalism / _cby Ved Prakash Gandhi |
||
| 260 |
_aNew Delhi _bKanishka Publishers _c2001 |
||
| 270 |
_a4697/5-21 A, Ansari Road, Darya Ganj _bNew Delhi _e110002 |
||
| 300 |
_a235p. _c23cm(Hb) |
||
| 500 | _aIncludes index | ||
| 650 |
_aJournalism _992334 |
||
| 650 |
_aMass media _992335 |
||
| 942 |
_2ddc _cEN _h070.4 _mGAN |
||
| 999 |
_c132670 _d132670 |
||